000 00468nam a2200145 a 4500
001 000035962
005 20200930074745.0
008 111121s2002 dr a 000 0 spa d
040 _aDO-SdBNP
_bspa
_cBNPHU
245 0 0 _aSanto Domingo respiro del ritmo :
_bimágenes, cuentos, Músicas /
_cDanilo Manera...[et.al].
260 _a[Santo Domingo] :
_bBanco Popular,
_c2002.
300 _a157 p. :
_bil., retrs. ;
_c23 cm.
700 1 2 _aManera, Danilo
_923179
049 _aBNPD
999 _c35453
_d35453